[Event "Hamburg Harburg-ch Gr.A 5th"]
[Site "Hamburg"]
[Date "2007.07.06"]
[Round "1.1"]
[White "Hawellek, Jeronimo"]
[Black "Juergens, Bernhard"]
[Result "1-0"]
[WhiteElo "2305"]
[BlackElo "2127"]
[PlyCount "39"]
[EventDate "2007.07.08"]
[Source "SK Marmstorf"]
[SourceDate "2007.01.01"]

{A86: Hollaendische Verteidigung (Leningrader Variante mit Sh3)
} 1. d4 f5 2.
g3 Nf6 3. Bg2 g6 4. c4 Bg7 5. Nh3 d6 6. d5 Na6 7. Nc3 O-O 8. Nf4 e5 9. dxe6 c6
10. h4 Ng4 (10... Nc5 11. h5 gxh5 12. Nxh5 (12. Qc2 Nxe6 13. Nxh5 Nxh5 14. Rxh5
Qf6 15. Be3 Bd7 16. Rd1 Be8 17. Rh1 Bg6 18. f4 Qe7 19. Kf2 a6 20. Qd2 Rad8 21.
a3 Rfe8 22. Bb6 Rd7 23. Bf3 Qf7 24. b4 Nf8 25. Qd3 Rde7 26. Bd4 Nd7 {
Hoeksema,H (2373)-Van Oosterom,C (2343)/Groningen 2006/CBM 116 ext/0-1 (38)})
12... Nxh5 13. Rxh5 Bxe6 14. Bh6 Bxh6 15. Rxh6 Qg5 16. Rh4 f4 17. Qd2 Bxc4 18.
O-O-O Bxa2 19. Qxd6 fxg3+ 20. f4 Qxh4 21. Qxc5 Bb3 22. Rf1 Rxf4 23. Rh1 Qf6 24.
Ne4 Rxe4 25. Bxe4 {
Spassky,B (2550)-Santo Roman,M (2485)/Montpellier 1991/CBM 027/[Hansen,Cu]/0-1}
) 11. e4 Nc5 12. h5 Ne5 $146 (12... Bxe6 13. hxg6 hxg6 14. Nxg6 Bxc4 15. Bf1
Bxf1 16. Kxf1 Qf6 17. Nxf8 Rxf8 18. Bf4 Ne6 19. Bxd6 fxe4 20. Nxe4 Qf5 21. Qe1
Qf3 22. Kg1 Nd4 23. Nc3 Qf6 24. Ne4 Qf3 25. Nc3 Qf6 26. Ne4 Nf3+ 27. Kf1 {
Korobov,A (2411)-Firman,N (2261)/Dnipropetrovsk 2000/EXT 2001/0-1 (31)}) 13.
hxg6 hxg6 14. exf5 Rxf5 15. O-O Nxe6 16. Ne4 Nxc4 17. Nxg6 d5 18. Nc3 Bd7 19.
Qd3 Qf6 20. Qxf5 1-0

[Event "Hamburg Harburg-ch Gr.A 5th"]
[Site "Hamburg"]
[Date "2007.07.06"]
[Round "1.2"]
[White "Porth, Hartmut"]
[Black "Reddmann, Hauke"]
[Result "1/2-1/2"]
[WhiteElo "2158"]
[BlackElo "2331"]
[PlyCount "46"]
[EventDate "2007.07.08"]
[Source "SK Marmstorf"]
[SourceDate "2007.01.01"]

{B20: Sizilianisch
} 1. e4 c5 2. d3 Nf6 3. f4 Nc6 4. Nf3 d6 5. c3 g6 6. g3 Bg7
7. Bg2 O-O 8. O-O e5 9. f5 (9. Na3 Rb8 10. Nc4 Qc7 11. f5 b5 12. Ne3 Rd8 13. g4
d5 14. exd5 Nxd5 15. Nxd5 Rxd5 16. Ng5 Rd8 17. Qf3 Rb6 18. Qh3 h6 19. fxg6 fxg6
20. Nf7 h5 21. Nxd8 Nxd8 22. Bf3 Qd7 23. Qg2 hxg4 {
Damljanovic,B (2560)-Grosar,A (2370)/Bled 1991/CBM 024/[Blatny,P]/1-0 (39)})
9... d5 10. Nh4 dxe4 11. dxe4 Qxd1 $146 (11... gxf5 12. Nxf5 Bxf5 13. Qxd8
Raxd8 14. Rxf5 Rd1+ 15. Rf1 Rfd8 16. Bg5 h6 17. Be3 Rxf1+ 18. Kxf1 Ng4 19. Bxc5
b6 20. Bf2 Bf8 21. b4 Rd1+ 22. Ke2 Nxf2 23. Kxf2 Nxb4 24. cxb4 Bxb4 25. a4 Bc5+
26. Ke2 {
Orlov,A (2102)-Golovankov,V (2321)/St Petersburg 2005/EXT 2006/1/2-1/2 (50)})
12. Rxd1 Ne7 13. Be3 b6 14. h3 Bb7 15. Nd2 Rad8 16. Bg5 h6 17. Bxf6 Bxf6 18.
fxg6 Bxh4 19. gxf7+ Kxf7 20. gxh4 Ng6 21. Nc4 Ke6 22. Bf3 Rxd1+ 23. Rxd1 Rxf3
1/2-1/2

[Event "Hamburg Harburg-ch Gr.A 5th"]
[Site "Hamburg"]
[Date "2007.07.06"]
[Round "1.3"]
[White "Wennmann, Thorsten"]
[Black "Mueller, Jan Hendrik"]
[Result "1/2-1/2"]
[WhiteElo "2019"]
[BlackElo "2040"]
[PlyCount "107"]
[EventDate "2007.07.08"]

1. d4 Nf6 2. c4 c5 3. Nf3 cxd4 4. Nxd4 a6 5. Nc3 e5 6. Nb3 Bb4 7. Bg5 Bxc3+ 8.
bxc3 O-O 9. e3 Re8 10. Qd2 b6 11. f3 Re6 12. e4 Qc7 13. Rd1 a5 14. c5 a4 15.
cxb6 Rxb6 16. Nc1 Ba6 17. Bxa6 Raxa6 18. O-O Rc6 19. Ne2 Rab6 20. Rb1 Na6 21.
Be3 Nc5 22. Qc2 Rxb1 23. Rxb1 Rb6 24. Rb4 d5 25. Qb1 Rb7 26. Rxb7 Qxb7 27. Qxb7
Nxb7 28. Bg5 dxe4 29. Bxf6 exf3 30. Bxe5 fxe2 31. Kf2 f6 32. Bd4 Kf7 33. Kxe2
Ke6 34. Kd3 Kd5 35. c4+ Kc6 36. Kc3 Nd6 37. Kb4 h5 38. Bc5 Ne4 39. Bf8 g5 40.
Kxa4 f5 41. Kb3 f4 42. Kc2 g4 43. Kd1 h4 44. Ke2 Nc3+ 45. Kf2 Nd1+ 46. Kg1 Nc3
47. h3 gxh3 48. gxh3 Nxa2 49. Be7 Nc1 50. Bxh4 Kc5 51. Kg2 Kxc4 52. Kf3 Kd5 53.
Kxf4 Ne2+ 54. Kf5 1/2-1/2

[Event "Hamburg Harburg-ch Gr.A 5th"]
[Site "Hamburg"]
[Date "2007.07.07"]
[Round "2.1"]
[White "Juergens, Bernhard"]
[Black "Mueller, Jan Hendrik"]
[Result "1/2-1/2"]
[WhiteElo "2127"]
[BlackElo "2040"]
[PlyCount "102"]
[EventDate "2007.07.08"]

1. e4 e6 2. d3 d5 3. Nd2 Nf6 4. g3 dxe4 5. dxe4 e5 6. Ngf3 Bg4 7. h3 Bh5 8. g4
Bg6 9. Nxe5 Bxe4 10. Qe2 Qe7 11. Nxe4 Qxe5 12. Nxf6+ gxf6 13. Bf4 Qxe2+ 14.
Bxe2 Bb4+ 15. c3 Ba5 16. O-O-O Nd7 17. Bc4 O-O-O 18. Bxf7 Bb6 19. Rd2 Nc5 20.
Rhd1 Rxd2 21. Rxd2 Rd8 22. Rxd8+ Kxd8 23. Bc4 Ne4 24. f3 Ng5 25. Bf1 Nxf3 26.
Bg2 Ng5 27. h4 Ne6 28. Bg3 c6 29. Kd2 Ke7 30. Be4 h6 31. Bf5 Bc7 32. Bxc7 Nxc7
33. Ke3 Ne8 34. b4 Kd6 35. Kd4 Nc7 36. c4 b6 37. a3 Ne8 38. Bg6 Ng7 39. Bf7 Kc7
40. Bg8 Kd6 41. c5+ bxc5+ 42. bxc5+ Kd7 43. Ke4 Kc7 44. Bb3 Kd7 45. Kf4 Ke7 46.
Ba4 Kd7 47. Bb3 Ke7 48. Bc4 Kd7 49. Bb3 Ke7 50. Bc4 Kd7 51. Bb3 Ke7 1/2-1/2

[Event "Hamburg Harburg-ch Gr.A 5th"]
[Site "Hamburg"]
[Date "2007.07.07"]
[Round "2.3"]
[White "Hawellek, Jeronimo"]
[Black "Porth, Hartmut"]
[Result "1/2-1/2"]
[WhiteElo "2305"]
[BlackElo "2158"]
[PlyCount "50"]
[EventDate "2007.07.08"]

1. d4 Nc6 2. d5 Ne5 3. e4 e6 4. f4 Ng6 5. dxe6 dxe6 6. Bd3 Bc5 7. Nf3 Nf6 8.
Qe2 O-O 9. g3 e5 10. f5 Ne7 11. Bg5 Nc6 12. c3 Be7 13. Nbd2 Nd7 14. Be3 Bc5 15.
g4 Bxe3 16. Qxe3 Qe7 17. Nb3 a5 18. a4 b6 19. Rd1 Ncb8 20. g5 Na6 21. Kf2 Nac5
22. Nxc5 Nxc5 23. Bc2 Bb7 24. Rd2 Bc6 25. b3 Rad8 1/2-1/2

[Event "Hamburg Harburg-ch Gr.A 5th"]
[Site "Hamburg"]
[Date "2007.07.07"]
[Round "3.1"]
[White "Porth, Hartmut"]
[Black "Juergens, Bernhard"]
[Result "1-0"]
[WhiteElo "2158"]
[BlackElo "2127"]
[PlyCount "63"]
[EventDate "2007.07.08"]

1. e4 e6 2. g3 d5 3. Nc3 dxe4 4. Nxe4 Nf6 5. Nxf6+ Qxf6 6. Nf3 Bd7 7. Bg2 Bc6
8. O-O Nd7 9. d4 Bd6 10. c4 O-O 11. c5 Be7 12. Bg5 Bxf3 13. Bxf6 Bxd1 14. Bxe7
Rfe8 15. Rfxd1 Rxe7 16. Bxb7 Rb8 17. Bc6 f6 18. b3 Rd8 19. b4 Nb8 20. d5 a6 21.
d6 cxd6 22. cxd6 Ra7 23. Rac1 Nxc6 24. Rxc6 Rdd7 25. a4 Kf7 26. b5 axb5 27.
axb5 Rab7 28. b6 e5 29. f4 exf4 30. gxf4 Ke6 31. Re1+ Kd5 32. Rc7 1-0

[Event "Hamburg Harburg-ch Gr.A 5th"]
[Site "Hamburg"]
[Date "2007.07.07"]
[Round "3.2"]
[White "Wennmann, Thorsten"]
[Black "Hawellek, Jeronimo"]
[Result "1/2-1/2"]
[WhiteElo "2019"]
[BlackElo "2305"]
[PlyCount "92"]
[EventDate "2007.07.08"]

1. d4 Nf6 2. c4 e6 3. g3 c5 4. Nf3 cxd4 5. Nxd4 Qc7 6. b3 Bb4+ 7. Bd2 Bc5 8.
Bc3 Ne4 9. Qd3 Nxc3 10. Nxc3 O-O 11. Bg2 Nc6 12. Nxc6 dxc6 13. O-O e5 14. e3
Bg4 15. Ne4 Be7 16. h3 Be6 17. Nc3 f5 18. e4 Rad8 19. Qe2 f4 20. g4 Bb4 21.
Rac1 Qa5 22. Nb1 Rd4 23. Rfd1 Rfd8 24. a4 Bc5 25. Rxd4 Bxd4 26. Qc2 Qb4 27. Bf1
h6 28. Be2 Kh7 29. Kg2 Rd6 30. Bf1 b5 31. axb5 cxb5 32. cxb5 Bxb3 33. Qc8 f3+
34. Kg3 Bxf2+ 35. Kxf2 Qd4+ 36. Kg3 Qg1+ 37. Kxf3 Rf6+ 38. Qf5+ Rxf5+ 39. exf5
Bc4 40. Nd2 Bxb5 41. f6 e4+ 42. Kxe4 gxf6 43. Rc7+ Kg6 44. Bxb5 Qe1+ 45. Kf3
Qh1+ 46. Kg3 Qe1+ 1/2-1/2

[Event "Hamburg Harburg-ch Gr.B 5th"]
[Site "Hamburg"]
[Date "2007.07.06"]
[Round "1.1"]
[White "Schoengart, Ralf"]
[Black "Schmidt Brauns, Rainer"]
[Result "1-0"]
[WhiteElo "2128"]
[BlackElo "2087"]
[PlyCount "47"]
[EventDate "2007.07.08"]
[Source "SK Marmstorf"]
[SourceDate "2007.01.01"]

1. d4 d5 2. c4 c6 3. Nc3 Nf6 4. Bf4 dxc4 5. e3 b5 6. a4 Nd5 7. axb5 Nxc3 8.
bxc3 cxb5 9. Qf3 Nc6 10. Qxc6+ Bd7 11. Qb7 e6 12. Bc7 Qc8 13. Qxc8+ Bxc8 14.
Nf3 Bb7 15. Be2 Kd7 16. Ba5 Bd6 17. O-O f6 18. Rfb1 Bc6 19. Nd2 a6 20. Bf3 g5
21. Bxc6+ Kxc6 22. Ne4 Be7 23. Bb4 Bxb4 24. cxb4 1-0

[Event "Hamburg Harburg-ch Gr.B 5th"]
[Site "Hamburg"]
[Date "2007.07.06"]
[Round "1.2"]
[White "Borgmeyer, Max"]
[Black "Nixdorf, Andre"]
[Result "1/2-1/2"]
[WhiteElo "1999"]
[BlackElo "2030"]
[PlyCount "105"]
[EventDate "2007.07.08"]

1. e4 c5 2. Nf3 d6 3. d4 cxd4 4. Nxd4 Nf6 5. Nc3 a6 6. Be3 e5 7. Nb3 Be6 8. f3
Be7 9. Qd2 O-O 10. O-O-O Nbd7 11. g4 b5 12. g5 Nh5 13. Nd5 Bxd5 14. exd5 Nb6
15. Na5 Qc7 16. Nc6 Bd8 17. b3 Nc8 18. Bh3 Ne7 19. Nxd8 Raxd8 20. Bg4 g6 21.
Bxh5 gxh5 22. Qd3 Rc8 23. Rd2 Qc3 24. Kb1 a5 25. Rhd1 a4 26. Bb6 Qxd3 27. Rxd3
Nf5 28. Kb2 Rb8 29. Bf2 Rfc8 30. c3 axb3 31. axb3 Ra8 32. Ra1 Rxa1 33. Kxa1 Kg7
34. Kb2 Kg6 35. h4 Ne7 36. Ka3 Ra8+ 37. Kb4 Ra2 38. Be3 Rb2 39. Bb6 Nf5 40. Bc7
Rb1 41. Kxb5 Rxb3+ 42. Kc6 Ra3 43. Kd7 Ra6 44. c4 f6 45. gxf6 Kxf6 46. c5 dxc5
47. Rc3 Ra4 48. Rxc5 Nxh4 49. Rc6+ Kf5 50. d6 Nxf3 51. Kc8 Ng5 52. d7 Nf7 53.
Rh6 1/2-1/2

[Event "Hamburg Harburg-ch Gr.B 5th"]
[Site "Hamburg"]
[Date "2007.07.06"]
[Round "1.3"]
[White "Sternberg, Lew"]
[Black "Schiele, Lars"]
[Result "1-0"]
[WhiteElo "2057"]
[BlackElo "1958"]
[PlyCount "65"]
[EventDate "2007.07.08"]

1. e4 e5 2. Nc3 Bb4 3. f4 d6 4. Nf3 Nd7 5. Bc4 Ngf6 6. d4 Nxe4 7. Qd3 O-O 8.
Qxe4 Nf6 9. Qe3 Ng4 10. Qd2 e4 11. Ng5 d5 12. Be2 h6 13. Nh3 e3 14. Qd3 Qh4+
15. Kd1 Bxc3 16. bxc3 Re8 17. f5 Re4 18. Bxg4 Qxg4+ 19. Qe2 Qxf5 20. Bxe3 Qf6
21. Qf2 Bg4+ 22. Kc1 Qe7 23. Kd2 Re8 24. Rae1 Qa3 25. Qg3 f5 26. Nf4 g5 27.
Nxd5 f4 28. Nxf4 Bf5 29. Nd5 R4e6 30. Bxg5 hxg5 31. Qxg5+ Bg6 32. Nf6+ Rxf6 33.
Qxf6 1-0

[Event "Hamburg Harburg-ch Gr.B 5th"]
[Site "Hamburg"]
[Date "2007.07.07"]
[Round "2.1"]
[White "Schmidt Brauns, Rainer"]
[Black "Schiele, Lars"]
[Result "0-1"]
[WhiteElo "2087"]
[BlackElo "1958"]
[PlyCount "98"]
[EventDate "2007.07.08"]

1. d4 c5 2. d5 Nf6 3. c4 e5 4. dxe6 fxe6 5. Nc3 d5 6. Bg5 d4 7. Ne4 Be7 8.
Nxf6+ Bxf6 9. Bxf6 Qxf6 10. Nf3 e5 11. e4 O-O 12. Be2 Nc6 13. O-O Be6 14. Ne1
Qg6 15. f3 b6 16. b3 Rf6 17. Nd3 Raf8 18. Rf2 Qf7 19. Qd2 h6 20. Rb1 Kh8 21.
Rb2 g5 22. h3 Qc7 23. Kf1 Ne7 24. Ke1 Ng6 25. Kd1 a6 26. Rc2 Kh7 27. Kc1 Nf4
28. Ne1 Bd7 29. Kb1 b5 30. Bf1 Rb6 31. Ka1 b4 32. Be2 a5 33. Bd1 a4 34. Kb1 Ra6
35. Rb2 axb3 36. Bxb3 Be6 37. Rc2 d3 38. Rc1 Rd8 39. Qe3 Ne2 40. Rxe2 dxe2 41.
Qxe2 Rad6 42. Nc2 Rd2 43. Qf1 R8d3 44. Re1 Qd6 45. Kc1 Rc3 46. Kb1 Bxc4 47.
Bxc4 Rcxc2 48. Bd5 c4 49. Rc1 Rb2+ 0-1

[Event "Hamburg Harburg-ch Gr.B 5th"]
[Site "Hamburg"]
[Date "2007.07.07"]
[Round "2.2"]
[White "Nixdorf, Andre"]
[Black "Sternberg, Lew"]
[Result "1-0"]
[WhiteElo "2030"]
[BlackElo "2057"]
[PlyCount "65"]
[EventDate "2007.07.08"]

1. e4 d6 2. d4 g6 3. Nc3 Bg7 4. Be3 Nc6 5. Qd2 e5 6. Nge2 Nf6 7. f3 d5 8. exd5
Nxd5 9. Nxd5 Qxd5 10. Nc3 Qa5 11. d5 Nb4 12. a3 Bf5 13. Rc1 Na6 14. Bb5+ c6 15.
dxc6 O-O 16. O-O Nc7 17. cxb7 Rab8 18. Bc6 Qa6 19. Nd5 Rfd8 20. c4 Kh8 21. Nb4
Qa5 22. Qf2 Ne6 23. Bd5 Nf4 24. Nc6 Qc7 25. Bxf4 exf4 26. Nxd8 Rxd8 27. b4 a5
28. Rfd1 Bf8 29. Kh1 axb4 30. axb4 Rb8 31. Ra1 Kg8 32. Ra8 Bxb4 33. Rxb8+ 1-0

[Event "Hamburg Harburg-ch Gr.B 5th"]
[Site "Hamburg"]
[Date "2007.07.07"]
[Round "2.3"]
[White "Schoengart, Ralf"]
[Black "Borgmeyer, Max"]
[Result "1-0"]
[WhiteElo "2128"]
[BlackElo "1999"]
[PlyCount "59"]
[EventDate "2007.07.08"]

1. d4 Nf6 2. c4 Nc6 3. Nc3 e5 4. d5 Ne7 5. Bg5 Ng6 6. Nf3 h6 7. Bd2 Bc5 8. Qc2
a6 9. e3 d6 10. Bd3 Ne7 11. h3 Bd7 12. O-O O-O 13. a3 Ne8 14. b4 Ba7 15. Qb3 f5
16. Bb1 Nf6 17. e4 f4 18. Ne2 g5 19. c5 Kh8 20. Qc3 Rg8 21. Nxe5 dxe5 22. Qxe5
Ng6 23. Qd4 Kh7 24. e5 Ne8 25. Bc3 Ng7 26. e6 Be8 27. Qe4 Qe7 28. Nd4 Rd8 29.
Bc2 b6 30. Nc6 1-0

[Event "Hamburg Harburg-ch Gr.B 5th"]
[Site "Hamburg"]
[Date "2007.07.07"]
[Round "3.1"]
[White "Borgmeyer, Max"]
[Black "Schmidt Brauns, Rainer"]
[Result "1-0"]
[WhiteElo "1999"]
[BlackElo "2087"]
[PlyCount "63"]
[EventDate "2007.07.08"]

1. e4 c6 2. d4 d5 3. exd5 cxd5 4. Bd3 Nc6 5. c3 Nf6 6. Bf4 g6 7. Nf3 Bg7 8. O-O
O-O 9. Nbd2 Bg4 10. h3 Bxf3 11. Nxf3 Rc8 12. Qb3 Na5 13. Qb4 a6 14. Ne5 e6 15.
Be2 Re8 16. Nd3 Bf8 17. Qa4 Qb6 18. Be5 Ne4 19. Rfd1 Red8 20. f3 f6 21. fxe4
fxe5 22. Nxe5 Qxb2 23. Bg4 Rxc3 24. Qxa5 Rc2 25. Bf3 dxe4 26. Bxe4 Rxg2+ 27.
Bxg2 Rxd4 28. Rab1 Rxd1+ 29. Rxd1 b6 30. Qe1 Bc5+ 31. Kh1 Qxa2 32. Qf1 1-0

[Event "Hamburg Harburg-ch Gr.B 5th"]
[Site "Hamburg"]
[Date "2007.07.07"]
[Round "3.2"]
[White "Sternberg, Lew"]
[Black "Schoengart, Ralf"]
[Result "1-0"]
[WhiteElo "2057"]
[BlackElo "2128"]
[PlyCount "53"]
[EventDate "2007.07.08"]

1. e4 c6 2. d3 d5 3. Bd2 Nd7 4. Nc3 Ngf6 5. f4 dxe4 6. dxe4 e5 7. Nf3 exf4 8.
Bxf4 Qb6 9. Qd2 Bb4 10. O-O-O O-O 11. Ng5 Qa5 12. Bc4 h6 13. h4 Nb6 14. Bb3 Bg4
15. Qd3 Bxc3 16. bxc3 Qa3+ 17. Kb1 hxg5 18. hxg5 Nh5 19. Rxh5 Bxh5 20. Rh1 Rfd8
21. Qh3 Rd1+ 22. Rxd1 Bxd1 23. g6 Kf8 24. Bg5 Qxb3+ 25. axb3 fxg6 26. Qe6 Be2
27. Be7+ 1-0

[Event "Hamburg Harburg-ch Gr.B 5th"]
[Site "Hamburg"]
[Date "2007.07.07"]
[Round "3.3"]
[White "Schiele, Lars"]
[Black "Nixdorf, Andre"]
[Result "1-0"]
[WhiteElo "1958"]
[BlackElo "2030"]
[PlyCount "63"]
[EventDate "2007.07.08"]

1. e4 c5 2. Nf3 d6 3. d4 cxd4 4. Nxd4 Nf6 5. Nc3 a6 6. f4 e6 7. Be2 Qb6 8. Rb1
Nc6 9. Be3 Qc7 10. O-O Be7 11. Kh1 O-O 12. Qe1 Nxd4 13. Bxd4 e5 14. fxe5 dxe5
15. Qg3 Nd7 16. Nd5 Qd6 17. Be3 Bd8 18. Bc4 b5 19. Bb3 a5 20. Rbd1 Qc6 21. a3
Ra6 22. Rf5 Qg6 23. Qf2 Nf6 24. Qf3 Nxe4 25. Rxe5 Bg4 26. Nf4 Bxf3 27. Nxg6
Bxd1 28. Nxf8 Nf6 29. Nd7 Bc7 30. Re7 Bh5 31. Nxf6+ gxf6 32. Bh6 1-0

[Event "Hamburg Harburg-ch Gr.C 5th"]
[Site "Hamburg"]
[Date "2007.07.06"]
[Round "1.1"]
[White "Wegemund, Hubert"]
[Black "Ehrlich, Sven"]
[Result "1-0"]
[WhiteElo "1891"]
[BlackElo "2001"]
[PlyCount "44"]
[EventDate "2007.07.08"]

1. e4 c6 2. d4 d5 3. Nc3 dxe4 4. Nxe4 Bf5 5. Ng3 Bg6 6. Bc4 e6 7. h4 h6 8. N1e2
Nf6 9. Nf4 Bh7 10. O-O Nd5 11. Bxd5 cxd5 12. Qg4 Be7 13. Re1 Rg8 14. c4 Nd7 15.
Qf3 Nf6 16. b3 Qd7 17. cxd5 g5 18. hxg5 hxg5 19. dxe6 Qxd4 20. Qxb7 fxe6 21.
Ba3 Bxa3 22. Nxe6 Ne4 1-0

[Event "Hamburg Harburg-ch Gr.C 5th"]
[Site "Hamburg"]
[Date "2007.07.06"]
[Round "1.2"]
[White "Schoettker, Jochen"]
[Black "Herlan, Klaus Juergen"]
[Result "0-1"]
[WhiteElo "1939"]
[BlackElo "1940"]
[PlyCount "66"]
[EventDate "2007.07.08"]
[Source "SK Marmstorf"]
[SourceDate "2007.01.01"]

1. Nf3 Nf6 2. g3 d5 3. Bg2 g6 4. b3 Bg7 5. Bb2 O-O 6. O-O c5 7. d4 cxd4 8. Nxd4
Nc6 9. Nxc6 bxc6 10. Nd2 Bb7 11. c4 Re8 12. Qc2 e5 13. Rfd1 Qe7 14. e4 d4 15.
c5 Ba6 16. b4 Bh6 17. Nc4 Bxc4 18. Qxc4 a5 19. Bc1 Bxc1 20. Rdxc1 axb4 21. Qxb4
Reb8 22. Qc4 Rb2 23. Rc2 Rab8 24. a4 R8b4 25. Qe2 R2b3 26. Rca2 Qxc5 27. a5 d3
28. Qd1 Rb2 29. Qf3 Kg7 30. a6 Qa7 31. Qe3 Rxa2 32. Rxa2 Rd4 33. f4 Ng4 0-1

[Event "Hamburg Harburg-ch Gr.C 5th"]
[Site "Hamburg"]
[Date "2007.07.06"]
[Round "1.3"]
[White "Ludwig, Jan"]
[Black "Richter, Ruediger"]
[Result "1-0"]
[WhiteElo "1821"]
[BlackElo "1846"]
[PlyCount "132"]
[EventDate "2007.07.08"]

1. e4 d5 2. exd5 Qxd5 3. Nc3 Qd6 4. Nf3 Nf6 5. d4 a6 6. Be2 Nbd7 7. O-O b5 8.
a3 Bb7 9. Be3 e6 10. Nd2 Be7 11. f3 O-O 12. Nde4 Qb6 13. Qd2 c5 14. dxc5 Qc7
15. b4 Rfd8 16. Qe1 Nxe4 17. Nxe4 Bxe4 18. fxe4 Bf6 19. Rd1 Be5 20. Qh4 Nf6 21.
Bd3 Rd7 22. Bf4 Rad8 23. Rde1 Bxf4 24. Rxf4 e5 25. Rxf6 gxf6 26. Qh6 Rxd3 27.
cxd3 Rxd3 28. Qxf6 a5 29. h3 Kf8 30. Rf1 Rg3 31. Rd1 Ke8 32. Rd6 Rxa3 33. Qh8+
Ke7 34. Qxe5+ Kf8 35. Qd4 axb4 36. Qh8+ Ke7 37. Qf6+ Ke8 38. Qe5+ Kf8 39. Qh8+
Ke7 40. Qf6+ Ke8 41. c6 Ra1+ 42. Kh2 Ra8 43. Kh1 Ra1+ 44. Qxa1 Qxd6 45. Qa8+
Qd8 46. Qb7 Qd1+ 47. Kh2 Qd6+ 48. Kg1 Qd4+ 49. Kh2 Qd6+ 50. Kg1 Qd4+ 51. Kf1
Qd1+ 52. Kf2 Qd2+ 53. Kf3 Qd3+ 54. Kf4 Qd6+ 55. Kf5 f6 56. Qxb5 Kd8 57. Qb6+
Qc7 58. Qxb4 Qxc6 59. Qf8+ Kc7 60. Qe7+ Kc8 61. Qe6+ Qd7 62. Qxd7+ Kxd7 63.
Kxf6 Ke8 64. Kg7 Ke7 65. Kxh7 Ke6 66. g4 Kf6 {...} 1-0

[Event "Hamburg Harburg-ch Gr.C 5th"]
[Site "Hamburg"]
[Date "2007.07.07"]
[Round "2.1"]
[White "Ehrlich, Sven"]
[Black "Richter, Ruediger"]
[Result "1/2-1/2"]
[WhiteElo "2001"]
[BlackElo "1846"]
[PlyCount "26"]
[EventDate "2007.07.08"]

1. Nf3 d5 2. c4 c6 3. g3 Bg4 4. Bg2 dxc4 5. Qc2 Nf6 6. Qxc4 Bxf3 7. Bxf3 Nbd7
8. O-O Ne5 9. Qb3 Nxf3+ 10. Qxf3 g6 11. d3 Bg7 12. Nc3 O-O 13. Be3 Nd7 1/2-1/2

[Event "Hamburg Harburg-ch Gr.C 5th"]
[Site "Hamburg"]
[Date "2007.07.07"]
[Round "2.2"]
[White "Herlan, Klaus Juergen"]
[Black "Ludwig, Jan"]
[Result "1-0"]
[WhiteElo "1940"]
[BlackElo "1821"]
[Annotator "Fritz 8 (1s)"]
[PlyCount "67"]
[EventDate "2007.07.08"]

{D05: Damenbauernspiele (Colle-Aufbau)
} 1. d4 d5 2. Nf3 Nf6 3. e3 e6 4. Bd3
Bd6 5. Nbd2 Nbd7 6. O-O O-O 7. Re1 Re8 8. e4 dxe4 9. Nxe4 Nxe4 10. Rxe4 f5 $146
(10... c5 11. Rh4 g6 12. dxc5 Nxc5 13. Be3 Nxd3 14. Qxd3 Qc7 15. Rc4 Qe7 16.
Rd1 Bc7 17. Qc3 Bb6 18. Bxb6 axb6 19. Rc7 Qf8 20. a3 Re7 21. Ng5 f6 22. Ne4 e5
23. Nxf6+ Qxf6 24. Rxc8+ Re8 25. Qb3+ {
Maier,M (1439)-Gogol,M (1220)/Willingen 2006/EXT 2007/1-0 (43)}) (10... Nf6 $5
11. Re1 b6 $11) 11. Re1 Nf6 12. c4 (12. Qe2 c5 13. dxc5 Bxc5 $16) 12... c5 13.
b4 $5 {Ein Bauer fuer die Entwicklung.} 13... cxd4 14. c5 (14. Nxd4 $2 Bxb4 15.
Nf3 Bxe1 16. Nxe1 e5 $19) 14... Be7 (14... Bb8 15. Bb5 Re7 16. Bc4 $14) 15. Qb3
(15. Bb2 Nd5 16. Qb3 Bf6 $16) 15... Kh8 (15... a5 $5 16. Bb2 axb4 17. Nxd4 Bxc5
18. Nxe6 Bxe6 19. Rxe6 Rxe6 20. Qxe6+ Kh8 21. Qxf5 Bd4 22. Bxd4 Qxd4 $11) 16.
Bb2 Nd5 17. Bb5 Rf8 18. Nxd4 $16 Nc7 (18... Bf6 19. Nxe6 Bxe6 20. Rxe6 Bxb2 21.
Rd1 $18) 19. Bc4 Bf6 20. Rad1 Qe8 21. Nxf5 $1 Bxb2 (21... exf5 22. Rxe8 {
Fesselung} (22. Rxe8 {Ablenkung})) 22. Nd6 Qg6 23. Qxb2 $18 Nd5 24. Bxd5 exd5
25. Nxc8 Raxc8 26. Rxd5 b6 27. Rd6 Qf5 28. c6 (28. cxb6 $6 Rc2 29. Qd4 Rxf2 $16
) 28... Rce8 29. Rdd1 Qb5 (29... Qd5 30. b5 a6 $18) 30. Rxe8 Rxe8 31. c7 Qd7 (
31... Qd5 32. Qc1 (32. Rxd5 $4 Re1#) 32... Qg8 33. Qe3 $18) 32. Qc1 (32. Rxd7
$4 Re1#) 32... Qc8 33. Qc6 h6 (33... Rg8 34. Qd7 Qb7 $18) 34. Qxe8+ $1 (34.
Qxe8+ Qxe8 35. Rd8 $18) 1-0

[Event "Hamburg Harburg-ch Gr.C 5th"]
[Site "Hamburg"]
[Date "2007.07.07"]
[Round "2.3"]
[White "Wegemund, Hubert"]
[Black "Schoettker, Jochen"]
[Result "1-0"]
[WhiteElo "1891"]
[BlackElo "1939"]
[PlyCount "23"]
[EventDate "2007.07.08"]

1. e4 e6 2. d4 d5 3. Nd2 dxe4 4. Nxe4 Bd7 5. Nf3 Bc6 6. Neg5 Be7 7. Bd3 Nf6 8.
Ne5 O-O 9. f3 h6 10. h4 Nbd7 11. Qe2 Nh5 12. Bh7+ 1-0

[Event "Hamburg Harburg-ch Gr.C 5th"]
[Site "Hamburg"]
[Date "2007.07.07"]
[Round "3.1"]
[White "Schoettker, Jochen"]
[Black "Ehrlich, Sven"]
[Result "1/2-1/2"]
[WhiteElo "1939"]
[BlackElo "2001"]
[PlyCount "59"]
[EventDate "2007.07.08"]

1. b4 d5 2. Bb2 e6 3. e3 Nf6 4. a3 c5 5. b5 b6 6. Nf3 Nbd7 7. c4 Bb7 8. d4 Be7
9. Nbd2 O-O 10. Qb3 Re8 11. Bd3 cxd4 12. exd4 Ne4 13. O-O Ndf6 14. Rac1 Nxd2
15. Nxd2 dxc4 16. Bxc4 Nd5 17. Nf3 Bd6 18. Ne5 Bxe5 19. dxe5 Nf4 20. Rfd1 Bd5
21. Qg3 Bxc4 22. Qxf4 Bd5 23. h4 Qe7 24. Rd3 Rec8 25. Rdc3 Qb7 26. f3 Rxc3 27.
Rxc3 Rc8 28. h5 h6 29. Qc1 Rxc3 30. Qxc3 1/2-1/2

[Event "Hamburg Harburg-ch Gr.C 5th"]
[Site "Hamburg"]
[Date "2007.07.07"]
[Round "3.3"]
[White "Richter, Ruediger"]
[Black "Herlan, Klaus Juergen"]
[Result "0-1"]
[WhiteElo "1846"]
[BlackElo "1940"]
[PlyCount "68"]
[EventDate "2007.07.08"]

1. e4 c5 2. Nf3 e6 3. Nc3 a6 4. a4 Nc6 5. Bc4 Qc7 6. O-O Nf6 7. Re1 d6 8. d4
cxd4 9. Nxd4 Ne5 10. Bb3 Be7 11. f4 Nc6 12. Be3 h5 13. h3 g6 14. Qf3 Bd7 15.
Qf2 O-O 16. f5 Nxd4 17. Bxd4 Kh7 18. Rad1 b5 19. e5 dxe5 20. Bxe5 Qb7 21. Bd4
bxa4 22. Nxa4 Bxa4 23. Bxa4 exf5 24. Bb3 Ne4 25. Qf3 Rad8 26. g4 Rxd4 27. Rxd4
Bc5 28. gxf5 Bxd4+ 29. Kg2 Re8 30. Bc4 Re7 31. Bd3 Nd6 32. Rxe7 Qxe7 33. Qxh5+
gxh5 34. f6+ Qe4+ 0-1

[Event "Hamburg Harburg-ch Gr.D 5th"]
[Site "Hamburg"]
[Date "2007.07.06"]
[Round "1.1"]
[White "Lehmkuhl, Stefan"]
[Black "Marx, Joschka"]
[Result "1-0"]
[WhiteElo "1998"]
[BlackElo "1873"]
[PlyCount "113"]
[EventDate "2007.07.08"]

1. d4 Nf6 2. Bg5 g6 3. Bxf6 exf6 4. e3 Bg7 5. Ne2 O-O 6. Nf4 d5 7. c4 dxc4 8.
Bxc4 c5 9. dxc5 Qa5+ 10. Nd2 Qxc5 11. Qc1 Qb4 12. a3 Qd6 13. O-O Nc6 14. Rd1
Be6 15. Nf3 Qe7 16. Bxe6 fxe6 17. Qc4 Rfe8 18. Rd2 Rac8 19. Rad1 Ne5 20. Qb3
Nxf3+ 21. gxf3 f5 22. Rd7 Qg5+ 23. Kf1 Qf6 24. Rxb7 Bh6 25. Qa4 Bxf4 26. Qxf4
e5 27. Qa4 Red8 28. Rxd8+ Qxd8 29. Qd7 Rc1+ 30. Ke2 Rc2+ 31. Ke1 Qxd7 32. Rxd7
Rxb2 33. Rxa7 Rb1+ 34. Ke2 Rb2+ 35. Kf1 Ra2 36. a4 h6 37. a5 Kf8 38. a6 Ke8 39.
Kg2 Kd8 40. Ra8+ Kc7 41. a7 Kb7 42. Rg8 g5 43. Rg7+ Kc6 44. Rh7 Kd5 45. Rxh6
Rxa7 46. Rg6 e4 47. Rxg5 Ke5 48. h4 Rh7 49. fxe4 Kxe4 50. Kg3 Rh6 51. Rg8 Re6
52. h5 Rh6 53. Re8+ Kd3 54. Kh4 Ke2 55. f4 Kf3 56. Kg5 Rh7 57. h6 1-0